Matemáticas en graduado escolar / Dolors Pérez i Mas
Descripción Física:
132 p. ; 30 cm
Materias:
Matemàtica -- Ensenyament
MARC
| LEADER | 00000nam a2200000Ia 4500 | ||
|---|---|---|---|
| 001 | 2226 | ||
| 003 | BGR | ||
| 005 | 20260324175210.0 | ||
| 008 | 160829s9999 xx 000 0 cat d | ||
| 080 | |a C-1-46 | ||
| 100 | |a Pérez i Mas, Dolors |9 19880 | ||
| 245 | |a Matemáticas en graduado escolar / Dolors Pérez i Mas | ||
| 260 | |a Barcelona : |b Diputació de Barcelona. Escola d'Arts i Oficis, [1986] | ||
| 300 | |a 132 p. ; |c 30 cm | ||
| 650 | |a Matemàtica |x Ensenyament |9 32226 | ||
| 710 | 2 | |a Escola d'Arts i Oficis (Barcelona, Catalunya) |9 55874 | |
| 901 | |a Arxiu | ||
| 942 | |n 1 |2 udc |c MON | ||
| 952 | |0 0 |1 0 |4 0 |6 C146 |7 1 |9 41357 |a Arxiu |b Arxiu |d 2016-12-01 |l 0 |o C-1-46 |p 2226 |r 2016-12-01 00:00:00 |w 2016-12-01 |y ARXIU | ||
| 999 | |c 43164 |d 43164 | ||